000 00707nam a2200289Ia 4500
005 20260324123142.0
008 008 260324s9999 xx 000 0 eng d
020 _a9780429107474
037 _aEBOOK
040 _aCRL
040 _beng
040 _cCRL
041 _2eng
041 _aeng
084 _qCRL
100 _aJoseph D. Bronzino; Donald R. Peterson; Mary Diakides
_91169222
245 0 _aMedical Infrared Imaging
245 0 _bPrinciples and Practices
260 _bTaylor and Francis
260 _c2012
365 _a
365 _b340
856 _uhttp://www.taylorfrancis.com/books/9780429107474
942 _cEBOOK
999 _c1762493
_d1762493